header

Illustrated key to West-Palearctic genera of Pteromalidae (Hymenoptera: Chalcidoidea) (Record no. 28707)

MARC details
000 -LEADER
fixed length control field 01878nam a2200433Ia 4500
100 1# - MAIN ENTRY--AUTHOR NAME
Personal name Boucek, Z.
245 10 - TITLE STATEMENT
Title Illustrated key to West-Palearctic genera of Pteromalidae (Hymenoptera: Chalcidoidea)
260 ## - PUBLICATION, DISTRIBUTION, ETC. (IMPRINT)
Place of publication Paris :
Name of publisher Institut National de la Recherche Agronomique,
Year of publication 1991.
300 ## - PHYSICAL DESCRIPTION
Number of Pages 140 p. :
Other physical details ill., map.
490 1# - SERIES STATEMENT
Series statement Techniques et pratiques
500 ## - GENERAL NOTE
General note Running title: West-Palearctic Pteromalidae : key to genera.
650 #0 - SUBJECT ADDED ENTRY--TOPICAL TERM
Topical Term Pteromalidae
Topical Term Chalcid wasps
Topical Term Chalcid wasps
Topical Term Chalcid wasps
700 1# - ADDED ENTRY--PERSONAL NAME
Personal name Rasplus, Jean-Yves.
856 40 - ELECTRONIC LOCATION AND ACCESS
Uniform Resource Identifier http://site.ebrary.com/lib/rucke/Doc?id=10688706

No items available.

© 2026 Rongo University
Contact us: librarian | system librarian | Rongo university